00704nam a2200217 a 450000100060000000300080000600500170001400800410003103500190007203500110009104000290010204100080013108200280013910000470016724500760021426000590029030000250034950400300037465100410040465100410044542250BD-RjUL20211209053519.0160611s1965 xx 000 0 eng d a(BD-RjUL)42368 a739270 aVCAVbengcVCAVdBD-RjUL aeng04a327.51094219bALA 19651 aAlbinski, Henry S.q(Henry Stephen)d1931-10aAustralian policies and attitudes toward China /cby Henry S. Albinski. aPrinceton, N. J. :bPrinceton University Press,c1965. axvi, 511 p ;c21 cm. aBibliography: p. 469-486. 0aAustraliaxForeign relationszChina. 0aChinaxForeign relationszAustralia.